Science and citizens (Record no. 3627)

MARC details
000 -LEADER
fixed length control field 00816 a2200229 4500
010 ## - LIBRARY OF CONGRESS CONTROL NUMBER
LC control number ENG-85904
020 ## - INTERNATIONAL STANDARD BOOK NUMBER
International Standard Book Number 8125029400
Terms of availability 345.00
035 ## - SYSTEM CONTROL NUMBER
System control number EN-69437
037 ## - SOURCE OF ACQUISITION
Source of stock number/acquisition D.B.Act / Pub
082 14 - DEWEY DECIMAL CLASSIFICATION NUMBER
Classification number 306.45
090 ## - LOCALLY ASSIGNED LC-TYPE CALL NUMBER (OCLC); LOCAL CALL NUMBER (OCLC)
-- 3705
-- 3705
245 1# - TITLE STATEMENT
Title Science and citizens
Statement of responsibility, etc edited by Melissa Leach, Ian Scoones and Brian Wynne
Remainder of title globalisation and the challange of engagement
260 ## - PUBLICATION, DISTRIBUTION, ETC. (IMPRINT)
Place of publication, distribution, etc Chennai
Name of publisher, distributor, etc Orient Longman
Date of publication, distribution, etc 2005
270 ## - ADDRESS
Address 160, Anna Salai
City Chennai
Postal code 600 002
Electronic mail address chegeneral@orientlongman.com
300 ## - PHYSICAL DESCRIPTION
Extent vii, 295 p.
Other physical details 21 cm ( Pbk.)
500 ## - GENERAL NOTE
General note Includes bibliographical refrences and index
700 1# - ADDED ENTRY--PERSONAL NAME
Personal name Leach, Melissa
700 1# - ADDED ENTRY--PERSONAL NAME
Personal name Scoones, Ian
700 1# - ADDED ENTRY--PERSONAL NAME
Personal name Wynne, Brian
942 ## - ADDED ENTRY ELEMENTS (KOHA)
Institution code [OBSOLETE] dpl
Koha item type English Books
Call number prefix 306.45 / SCI
Holdings
Withdrawn status Lost status Source of classification or shelving scheme Damaged status Not for loan Collection code Home library Current library Source of acquisition Cost, normal purchase price Total Checkouts Full call number Barcode Date last seen Copy number Uniform Resource Identifier Cost, replacement price Price effective from Koha item type
    Dewey Decimal Classification   Not For Loan Non-fiction D.B.Act.Division D.B.Act.Division DBAD/PUB 345.00   306.45 SCI EN-69437 15/09/2008 1 3861 345.00 15/09/2008 English Books

© Delhi Public Library
Hit Counter
free hit counter